Eden Blakemore
N/A
Categories
Literature - British | 1 | 4 | 0 | 0 | 55 | 71 | 113.80 | 0 | 0 |
Literature - World and Miscellaneous | 1 | 2 | 0 | 0 | 35 | 28 | 93.67 | 0 | 0 |
Fine Arts - Painting | 0 | 3 | 0 | 0 | 30 | 85 | 106.00 | 0 | 0 |
Science - Biology | 1 | 1 | 0 | 0 | 25 | 90 | 105.00 | 0 | 0 |
Other - Other Academic and General Knowledge | 0 | 2 | 0 | 0 | 20 | 91 | 92.00 | 0 | 0 |
History - European | 0 | 1 | 0 | 0 | 10 | 84 | 84.00 | 0 | 0 |
Literature - American | 0 | 1 | 0 | 0 | 10 | 99 | 99.00 | 0 | 0 |
History - American | 0 | 1 | 0 | 0 | 10 | 101 | 101.00 | 0 | 0 |
Literature - European | 0 | 1 | 0 | 0 | 10 | 122 | 122.00 | 0 | 0 |
Geography - United States | 0 | 1 | 0 | 0 | 10 | 90 | 90.00 | 0 | 0 |
Fine Arts - Sculpture | 0 | 1 | 0 | 0 | 10 | 133 | 133.00 | 0 | 0 |
History - Cross, Historiography, and Miscellaneous | 0 | 0 | 0 | 0 | 0 | 0.00 | 0 | 0 |